NHK『ローカル鉄道の旅』に登場する鉄道路線 - Statistics

General Stats
  • This quiz has been taken 43 times
  • The average score is 20 of 52
Answer Stats
Answer % Correct
JR宗谷線
76%
JR根室本線
73%
JR富良野線
67%
JR日高本線
67%
JR五能線
64%
JR只見線
64%
JR吾妻線
58%
JR磐越西線
58%
JR花輪線
55%
JR指宿枕崎線
55%
JR石勝線
52%
JR鹿島線
52%
JR予讃線
52%
JR肥薩線
52%
JR米坂線
48%
JR小海線
48%
JR山陰本線
48%
JR予土線
48%
JR久留里線
45%
JR大糸線
45%
JR徳島線
45%
JR牟岐線
45%
JR山口線
45%
JR仙山線
42%
JR飯山線
42%
JR木次線
42%
JR豊肥本線
42%
JR釜石線
39%
会津鉄道
36%
JR呉線
36%
南阿蘇鉄道
33%
JR唐津線
33%
JR佐世保線
33%
秩父鉄道
30%
銚子電気鉄道
27%
いすみ鉄道
27%
樽見鉄道
27%
島原鉄道
27%
JR小野田線
27%
三岐鉄道
24%
北近畿タンゴ鉄道
24%
上田交通別所線
21%
名古屋鉄道(谷汲線)
21%
紀州鉄道
21%
甘木鉄道
21%
大井川鐵道
18%
天竜浜名湖鉄道
15%
真岡鐵道
12%
鹿島鉄道
9%
神岡鉄道
9%
京福鉄道
9%
高千穂鉄道
6%
No matching quizzes found
Score Distribution
Percent of People with Each Score
Percentile by Number Answered
Your Score History
You have not taken this quiz